000 00811nam a22002417a 4500
003 UA-OsUOA
001 49052
007 ta
008 20131122b un ||||| |||| 00| 0 ukr d
100 _aМарковський М.
090 _a82-92
_bМ26
942 _cBK
040 _aUA-OsUOA
_bukr
_cUA-OsUOA
_dUA-OsUOA
245 _aРоль гуманістики в сучасному суспільстві
300 _a64 с.
955 _a4
041 _aukr
080 _a82-92
260 _aЛьвів; К.
_bЦентра гуманітарних досліджень; Смолоскип
_c2007
650 7 _a82 Література. Літературознавство
_2UDC
999 _c429175
_d429175